| 000 | 00857nmm a2200277 a 4500 | ||
|---|---|---|---|
| 001 | ocm000984844 | ||
| 003 | TR-IsHL | ||
| 005 | 20201028153830.0 | ||
| 008 | 150412s2003 tu tur | ||
| 007 | cr cn | ||
| 020 | _a9789756865835 | ||
| 035 |
_a984844 _b(N$T) |
||
| 050 | 0 | 4 |
_aPL248.S27 _bK59 2003 |
| 090 | 0 | 4 |
_aPL248.S27 _bK59 2003 |
| 100 | 1 | _aSapdere, Yücel | |
| 245 | 1 | 0 |
_aKızılcık operasyonu _h[electronic resource] / _cYücel Sapdere |
| 250 | _a3. bs. | ||
| 260 |
_aİstanbul : _bEvrensel Basım Yayın, _c2003 |
||
| 300 | _a305 p. | ||
| 650 | 4 | _aDil ve Edebiyat | |
| 650 | 4 | _aLanguage and Literature | |
| 650 | 0 | _aTürk romanı | |
| 650 | 0 | _aTurkish fiction | |
| 650 | 7 |
_aLITERARY COLLECTIONS / Middle Eastern _2bisacsh |
|
| 856 | 4 | 0 | _uhttp://search.ebscohost.com/login.aspx?direct=true&scope=site&db=e011xww&AN=984844 |
| 999 |
_c12255 _d12255 |
||